160 personnages Harry Potter - Statistiques

Statistiques générales
  • Ce quiz a été pris 201 fois
  • Le résultat moyen est 109 sur 160
Statistiques - réponses
Personnages % Correct
Ron Weasley
99%
Albus Dumbledore
98%
George Weasley
98%
Ginny Weasley
98%
Harry Potter
98%
Hermione Granger
98%
Fred Weasley
97%
Molly Weasley
96%
Neville Londubat
96%
Arthur Weasley
95%
Charlie Weasley
95%
Minerva McGonnagall
95%
Severus Rogue
95%
Bill Weasley
94%
Luna Lovegood
94%
Lily Potter
93%
Percy Weasley
92%
Remus Lupin
92%
Draco Malefoy
91%
James Potter
91%
Katie Bell
91%
Rubeus Hagrid
91%
Sirius Black
91%
Cedric Diggory
90%
Lord Voldemort
90%
Lucius Malefoy
90%
Peter Pettigrow
89%
Alastor Maugrey
88%
Bellatrix Lestrange
88%
Narcissa Malefoy
88%
Viktor Krum
88%
Dolores Ombrage
87%
Fleur Delacour
87%
Gregory Goyle
87%
Pomona Chourave
87%
Cho Chang
86%
Hedwige
85%
Vincent Crabbe
85%
Dean Thomas
84%
Dobby
84%
Igor Karkaroff
84%
Nymphadora Tonks
84%
Pattenrond
84%
Quirinus Quirell
84%
Angelina Johnson
82%
Dudley Dursley
82%
Gilderoy Lockhart
82%
Parvati Patil
82%
Sibylle Trelawney
82%
Amos Diggory
81%
Padma Patil
81%
Petunia Dursley
81%
Poppy Pomfresh
81%
Godric Gryffondor
80%
Horace Slughorn
80%
Rowena Serdaigle
80%
Seamus Finnigan
80%
Vernon Dursley
80%
Xenophilius Lovegood
80%
Olympe Maxime
79%
Salazar Serpentard
79%
Abelforth Dumbledore
78%
Andromeda Tonks
78%
Argus Rusard
78%
Fillius Flitwick
78%
Gabrielle Delacour
78%
Helga Poufsouffle
78%
Nick-Quasi-Sans-Tête
78%
Renée Bibine
78%
Ted Lupin
78%
Baron Sanglant
77%
Helena Serdaigle
77%
Lavande Brown
77%
Cornelius Fudge
76%
Olivier Dubois
76%
Bartemius Croupton
74%
Buck
74%
Alice Londubat
73%
Regulus Black
73%
Alecto Carrow
71%
Ariana Dumbledore
71%
Firenze
71%
Frank Londubat
71%
Mimi Geignarde
70%
Amycus Carrow
69%
Nagini
69%
Colin Crivey
68%
Moine Gras
67%
Ernie Danlmur
66%
Ernie Macmillan
66%
Peeves
66%
Tante Marge
66%
Aragog
65%
Fenrir Greyback
65%
Crockdur
64%
Kingsley Shacklebolt
64%
Kreattur
64%
Rita Skeeter
64%
Cormac McLaggen
63%
Garrick Ollivander
62%
Lee Jordan
62%
Alicia Spinnet
60%
Augusta Londubat
60%
Bathilda Tourdesac
60%
Croûtard
60%
Cuthbert Binns
60%
Touffu
60%
Albus Severus Potter
59%
Coquecigrue
59%
Grosse Dame
59%
Miss Teigne
59%
Pius Thicknesse
59%
Rose Granger-Weasley
59%
Graup
58%
Norbert
58%
Pansi Parkinson
58%
Antonin Dolohov
57%
Hannah Abbot
57%
Lily Luna Potter
57%
Mondingus Fletcher
57%
Rufus Scrimgeour
57%
Winky
57%
Hugo Granger-Weasley
56%
Scorpius Malefoy
55%
Aurora Sinistra
54%
Dennis Crivey
54%
Fumseck
54%
James Sirius Potter
54%
Justin Finch-Fletchley
54%
Errol
53%
Irma Pince
52%
Phineas Black
52%
Trevor
52%
Stan Rocade
49%
Arabella Figg
47%
Elphias Doge
47%
Astoria Greengrass
41%
Gobe-Planche
41%
Gripsec
40%
Hermès
40%
Romilda Vane
38%
Arnold
37%
Nicolas Flamel
37%
Michael Corner
36%
Penelope Deauclaire
36%
Mafalda Hopkrik
33%
Barjow
32%
Marietta Edgecombe
30%
Anthony Goldstein
29%
Suzan Bones
27%
Terry Boot
26%
Gregorovitch
22%
Le chavalier du Catogan
20%
Albert Runcorn
19%
Silvanus Brûlopot
18%
Madame Guipure
15%
Ben Copper
10%
Nigel Wolpert
6%
Filduvia
0%
Aucun quiz correspondant
Distribution des résultats
% des personnes avec chaque résultat
Percentile par nombre de réponses
Votre historique - résultats
Vous n’avez pas pris ce quiz